000 00506nam a2200181Ia 4500
005 20250326123726.0
008 250326s9999 xx 000 0 und d
037 _aTextbook
040 _aFMSL
_beng
_cFMSL
041 _aeng
_2eng
084 _aX:9.1 M4
_qFMSL
100 _aBohning W R
_9285962
245 0 _aStudies in international labour migration
_cBohning W R
260 _aHopng
_bHopng, Kong MacMillan
_c1984
300 _a318p
942 _cTB
_hX:9.1 M4
999 _c1270677
_d1270677